Catálogo de Incunables y libros raros de la Sta. Iglésia Catedrál de Segovia. (Record no. 5551)

MARC details
000 -CABECERA
campo de control de longitud fija 00869nam a2200253 a 4500
001 - NÚMERO DE CONTROL
campo de control BRCA_5862
005 - FECHA Y HORA DE LA ÚLTIMA TRANSACCIÓN
campo de control 20190320205237.0
008 - DATOS DE LONGITUD FIJA--INFORMACIÓN GENERAL
campo de control de longitud fija 160311t1930----sp-a#####b---#001-0#spa-#
041 ## - CÓDIGO DE LENGUA
Código de lengua del texto/banda sonora o título independiente spa
044 ## - CÓDIGO DEL PAÍS DE LA ENTIDAD EDITORA/PRODUCTORA
Código MARC del país sp
050 #4 - SIGNATURA TOPOGRÁFICA DE LA BIBLIOTECA DEL CONGRESO
Número de clasificación Z240
Número de documento/Ítem .V35
-- 1930
245 10 - MENCIÓN DE TÍTULO
Título Catálogo de Incunables y libros raros de la Sta. Iglésia Catedrál de Segovia.
Mención de responsabilidad, etc. Cristino Valverde del Barrio.
260 ## - PUBLICACIÓN, DISTRIBUCIÓN, ETC.
Lugar de publicación, distribución, etc. Segovia
Nombre del editor, distribuidor, etc. Imp. del Adelantado
Fecha de publicación, distribución, etc. 1930
300 ## - DESCRIPCIÓN FÍSICA
Extensión 510 p.
Otras características físicas ils., 28 láminas.
Dimensiones 28 cm.
500 ## - NOTA GENERAL
Nota general Dedicatoria a Manuel Castro Alonso Arzobispo de Burgos.
500 ## - NOTA GENERAL
Nota general Fe de Erratas; Índices
500 ## - NOTA GENERAL
Nota general H114
650 14 - PUNTO DE ACCESO ADICIONAL DE MATERIA--TÉRMINO DE MATERIA
Término de materia o nombre geográfico como elemento de entrada Incunables
Subdivisión general Libros antiguos
9 (RLIN) 14845
651 #4 - PUNTO DE ACCESO ADICIONAL DE MATERIA--NOMBRE GEOGRÁFICO
Nombre geográfico España
Subdivisión cronológica s. XV y s. XVI
9 (RLIN) 14846
700 1# - PUNTO DE ACCESO ADICIONAL--NOMBRE DE PERSONA
Nombre de persona Cristino Valverde del Barrio.
Títulos y otros términos asociados al nombre pbro. d. Cristino Valverde del Barrio.
9 (RLIN) 14847
710 2# - PUNTO DE ACCESO ADICIONAL--NOMBRE DE ENTIDAD CORPORATIVA
Nombre de entidad corporativa o nombre de jurisdicción como elemento de entrada Catedral de Segovia
9 (RLIN) 14848
902 ## - CATALOGADOR
Iniciales GFM
942 ## - ELEMENTOS DE PUNTO DE ACCESO ADICIONAL (KOHA)
Fuente del sistema de clasificación o colocación Library of Congress Classification
Tipo de ítem Koha Libros
Holdings
Estado de retiro Estado de pérdida Estado dañado No para préstamo Localización permanente Ubicación/localización actual Fecha de adquisición Número de inventario Total de préstamos Signatura topográfica completa Código de barras Fecha visto por última vez Precio válido a partir de Tipo de ítem Koha
El ejemplar forma parte de la colección y puede ser consultado según las políticas vigentes.       Biblioteca del Museo Franz Mayer (Rogerio Casas-Alatriste) Biblioteca del Museo Franz Mayer (Rogerio Casas-Alatriste) 16/03/2011 H114   Z240 .V35 1930 (H114) 6301 22/03/2019 22/03/2019 Libros